EToH - Realms - Statistics

General Stats
  • This quiz has been taken 77 times
    59 since last reset
  • The average score is 25 of 67
Answer Stats
Realm % Correct
Ring 1
98%
Ring 2
98%
Ring 3
98%
Ring 4
98%
Ring 5
98%
Ring 6
98%
Ring 7
98%
Ring 8
98%
Ring 9
98%
Zone 1
95%
Forgotten Ridge
93%
Zone 2
88%
Zone 3
84%
Zone 4
84%
Zone 5
84%
Zone 6
84%
Zone 7
84%
Zone 9
84%
Zone 8
81%
Garden of Eeshöl
77%
Zone 10
77%
Ring 0
70%
Lost River
63%
Silent Abyss
60%
Paradise Atoll
53%
Pit of Misery
51%
Event Realm
42%
Arcane Area
40%
The Doghouse
28%
Time-Lost Plain
19%
Upper Palace Area
19%
Infernal Manufacturing Plant
16%
Fool's Ring 9
14%
T H I R S T Z O N E
14%
Heccfire Depths
12%
Terrain World
12%
Time-Lost Clockwork
12%
Time-Lost S@^)$
12%
Snowmetropolis
9%
Beggmuda Triangle
7%
Harvest Carnival
7%
Something Otherworldly...
7%
Abyssal Badlands
5%
Eclipsed Headquarters
5%
Forsaken Manor
5%
Mount Rad
5%
Old Frosted Kingdom
5%
Snowy Cabin
5%
Festive Cliffside
2%
Frigid Scrapyard
2%
Frog's Leg Pot
2%
Ring 7 Subrealm
2%
The Eternal Potluck
2%
The Great Centurial
2%
Zone 9 Subrealm
2%
Arctic Depths
0%
Cemetery of the Accursed
0%
Fortress of Hecc
0%
Gnome's World
0%
Haunted Caverns
0%
Legacy Mini-Event
0%
Lost Frigid Castle
0%
Recovery Realm
0%
Scorched Spire
0%
Stygian Depths
0%
The Janitor's Pocket Dimension
0%
The Magician's Funhouse
0%
No matching quizzes found
Score Distribution
Percent of People with Each Score
Percentile by Number Answered
Your Score History
You have not taken this quiz since the last reset